[Event "Jogo #81"]
[Site "http://www.queenalice.com/game.php?id=1600307"]
[Date "2020.2.22"]
[Round "-"]
[White "ztnilz"]
[Black "Vinicius92"]
[Result "0-1"]
[WhiteElo "1990"]
[BlackElo "2075"]

1. d4 d5 2. c4 c6 3. Nc3 e6 4. e4 dxe4 5. Nxe4 g6 6. Nc3 Bg7 7. Nf3 Ne7 8. Be2
O-O 9. O-O b6 10. b3 Bb7 11. Bb2 Na6 12. a3 Qd7 13. Na2 Rad8 14. Qc2 Nc7 15.
Rfd1 Qc8 16. b4 a6 17. a4 b5 18. cxb5 axb5 19. axb5 Nxb5 20. Qb3 Qd7 21. Qe3 Nd5
22. Qc1 Qd6 23. g3 Nxb4 24. Ba3 Nxa2 25. Bxd6 Nxc1 26. Raxc1 Nxd6 27. Rb1 Ba8
28. Ng5 Rb8 29. Bd3 Nf5 30. Bc4 Nxd4 31. Bf1 c5 32. Rbc1 Nf3+ 33. Nxf3 Bxf3 34.
Rd7 Bd4 35. Ra1 Bxa1 0-1

[Event "Jogo #82"]
[Site "http://www.queenalice.com/game.php?id=1600308"]
[Date "2020.2.22"]
[Round "-"]
[White "Vinicius92"]
[Black "ztnilz"]
[Result "1-0"]
[WhiteElo "2088"]
[BlackElo "1990"]

1. e4 c5 2. Nf3 d6 3. Bc4 Nf6 4. Nc3 e6 5. O-O a6 6. a4 Nc6 7. Na2 Be7 8. c3 O-O
9. Re1 e5 10. d3 Bg4 11. h3 Bh5 12. Bg5 Nd7 13. Bxe7 Qxe7 14. Bd5 Nf6 15. Bxc6
bxc6 16. c4 a5 17. Nc3 g5 18. Re3 g4 19. hxg4 Nxg4 20. Re1 f5 21. Qc1 f4 22. Kf1
Qg7 23. Ke2 Kf7 24. Rh1 Bg6 25. Rh4 h5 26. Ra3 Rab8 27. Qc2 Qf6 28. b3 Rg8 29.
Qd2 Qg7 30. Kf1 Nf6 31. g3 fxg3 32. fxg3 Ng4 33. Ne2 Ra8 34. Neg1 Qf6 35. Kg2
Raf8 36. Qxa5 Qe7 37. Qd2 Ra8 38. a5 Ra6 39. Rh1 Rh8 40. Nh4 Rha8 41. Ngf3 Qf6
42. Rf1 Kg7 43. Nxg6 Qxg6 44. Nh4 Rf8 45. Nxg6 Rxf1 46. Kxf1 1-0

[Event "Nakamoto Consensus"]
[Site "http://www.queenalice.com/game.php?id=1602056"]
[Date "2020.3.9"]
[Round "-"]
[White "ztnilz"]
[Black "sph44"]
[Result "1-0"]
[WhiteElo "1968"]
[BlackElo "1871"]

1. e4 e5 2. Nf3 Nc6 3. Bc4 a6 4. a4 h6 5. c3 Nf6 6. d4 Bd6 7. Qb3 O-O 8. Bd3 Na5
9. Qc2 Re8 10. O-O c6 11. b4 b5 12. bxa5 Qxa5 13. Nbd2 exd4 14. Nb3 Qb6 15.
Nbxd4 Bb7 16. Nf5 Bc5 17. Ba3 b4 18. Bxb4 Bxb4 19. cxb4 Kh7 20. Nd6 Kg8 21. Nxe8
Rxe8 22. h3 Bc8 23. Qc3 Nxe4 24. Bxe4 Rxe4 25. Rab1 d5 26. Qc5 Qxc5 27. bxc5
Rxa4 28. Rb8 Rc4 29. Rxc8+ Kh7 30. Ra1 Rxc5 31. Rxa6 Rc1+ 32. Kh2 c5 33. Ne5 f6
34. Nf3 c4 35. Nh4 h5 36. Rc7 Kh6 37. g3 c3 38. Raa7 1-0

[Event "Proof of Work"]
[Site "http://www.queenalice.com/game.php?id=1602057"]
[Date "2020.3.9"]
[Round "-"]
[White "sph44"]
[Black "ztnilz"]
[Result "1/2-1/2"]
[WhiteElo "1852"]
[BlackElo "1983"]

1. e4 c5 2. Bc4 Nc6 3. Nf3 e6 4. O-O Bd6 5. d4 cxd4 6. Nxd4 Nf6 7. Nxc6 dxc6 8.
Nc3 O-O 9. Qf3 e5 10. h3 Be6 11. Bxe6 fxe6 12. a3 a5 13. Be3 Nd5 14. Qg4 Nxe3
15. fxe3 Qe7 16. Rxf8+ Kxf8 17. Rf1+ Kg8 18. Ne2 Rf8 19. Rxf8+ Kxf8 20. Qf3+ Qf7
21. Qxf7+ Kxf7 22. c3 c5 23. b3 b5 24. c4 b4 25. a4 g5 26. g4 Kg6 27. Kg2 h5 28.
gxh5+ Kxh5 29. Kg3 Bc7 30. Nc1 Bd6 31. Nd3 Kg6 32. Kg4 Kh6 33. Nf2 Kg6 34. h4
gxh4 35. Kxh4 Be7+ 36. Kg4 Kh6 37. Nd3 Bd6 38. Kf3 Kg5 39. Kg3 Kh5 1/2-1/2

[Event "Let's Play Chess!"]
[Site "http://www.queenalice.com/game.php?id=1607291"]
[Date "2020.4.13"]
[Round "-"]
[White "igorjava"]
[Black "ztnilz"]
[Result "1-0"]
[WhiteElo "1929"]
[BlackElo "1996"]

1. e4 c5 2. Nf3 Nc6 3. d4 cxd4 4. Nxd4 e5 5. Nxc6 bxc6 6. Bc4 Be7 7. a3 Nf6 8.
Nc3 O-O 9. O-O Bb7 10. f3 d6 11. b4 a6 12. Bb2 Nh5 13. Kh1 Nf4 14. Ne2 Nxe2 15.
Qxe2 Kh8 16. Qd3 Bc8 17. Bb3 f5 18. c4 f4 19. Rfd1 Qc7 20. Qc3 Bf6 21. Rd2 Bb7
22. a4 Rfd8 23. Rad1 Rd7 24. Rd3 Rad8 25. Qc2 h6 26. g3 fxg3 27. hxg3 Bg5 28.
Kg2 Rf8 29. Ba3 Rfd8 30. Qe2 Rf8 31. Bb2 Rfd8 32. Rc3 Qb6 33. Ba3 d5 34. a5 Qc7
35. cxd5 Qb8 36. dxc6 Rxd1 37. Bxd1 Bxc6 38. Bc1 Bb5 39. Qe1 Bf6 40. Be3 Rd7 41.
Bc5 Qd8 42. Bb3 Kh7 43. Bd5 Rxd5 44. exd5 Qxd5 45. Qe4+ Qxe4 46. fxe4 Kg6 47.
Kf3 h5 48. Bd6 Kf7 49. Rc5 Ke6 50. Rd5 Bc4 51. Rd1 Bb5 52. Bc5 Kf7 53. Rh1 g6
54. g4 h4 55. Be3 g5 56. Rd1 Ke6 57. Bc5 Kf7 58. Rd6 Be7 59. Rd5 Kf6 60. Bxe7+
Kxe7 61. Rxe5+ Kf6 62. Rf5+ Kg6 63. Rxb5 axb5 64. a6 1-0

[Event "Let's Play Chess!"]
[Site "http://www.queenalice.com/game.php?id=1607292"]
[Date "2020.4.13"]
[Round "-"]
[White "ztnilz"]
[Black "igorjava"]
[Result "1-0"]
[WhiteElo "1978"]
[BlackElo "2022"]

1. e4 c5 2. Nc3 d6 3. b3 Nf6 4. Nf3 Nc6 5. d4 cxd4 6. Nxd4 e5 7. Nf3 a6 8. a4
Be7 9. Be2 O-O 10. Bb2 b6 11. O-O Bb7 12. Nd2 Nd4 13. Bd3 Nd7 14. b4 Nf6 15. f3
Bc6 16. Ne2 Ne6 17. c3 Qc7 18. b5 axb5 19. Bxb5 Nc5 20. Bxc6 Qxc6 21. Nb3 Nxa4
22. Qd2 Nxb2 23. Qxb2 Nd7 24. Kh1 Kh8 25. Rfd1 Rfc8 26. Rdc1 d5 27. exd5 Qxd5
28. Rd1 Qe6 29. Nd2 f5 30. Rxa8 Rxa8 31. Ra1 Qc6 32. Ng3 g6 33. h3 Bf6 34. Rxa8+
Kg7 35. Ra7 Kh6 36. Ndf1 Nc5 37. Qc2 b5 38. Qc1+ Bg5 39. Rxh7+ Kxh7 40. Qxg5 e4
41. fxe4 fxe4 42. Qe7+ Kh6 43. Nd2 Na4 44. Ndxe4 Nxc3 45. Nxc3 Qxc3 46. Qf8+ Kh7
47. Qf7+ Kh6 48. Kh2 b4 49. Qf4+ Kh7 50. Ne2 Qe1 51. Nc1 Qc3 52. Na2 Qb3 53.
Nxb4 Kg7 54. Qe5+ Kh6 55. Nd5 Qc2 56. Qh8+ Kg5 57. h4+ Kg4 58. Ne3+ 1-0

[Event "Let's Play Chess!"]
[Site "http://www.queenalice.com/game.php?id=1609915"]
[Date "2020.4.29"]
[Round "-"]
[White "ztnilz"]
[Black "xmballd"]
[Result "1-0"]
[WhiteElo "1977"]
[BlackElo "1894"]

1. d4 Nf6 2. Nc3 d5 3. Nf3 e6 4. e3 Bb4 5. Bd2 O-O 6. a3 Be7 7. Bd3 c5 8. dxc5
Bxc5 9. b4 Be7 10. O-O a6 11. Bc1 Qc7 12. Bb2 Nc6 13. Re1 Bd7 14. Ne2 e5 15.
Bxh7+ Nxh7 16. Qxd5 Be6 17. Qd1 Rfd8 18. Qc1 Bg4 19. Nd2 Qd7 20. Nf1 Nf6 21. Nc3
Rac8 22. f3 Be6 23. Rd1 1-0

[Event "Let's Play Chess!"]
[Site "http://www.queenalice.com/game.php?id=1609927"]
[Date "2020.4.29"]
[Round "-"]
[White "ztnilz"]
[Black "igorjava"]
[Result "0-1"]
[WhiteElo "1938"]
[BlackElo "1981"]

1. e4 c5 2. Bc4 Nc6 3. Nf3 e6 4. Nc3 a6 5. a4 Na5 6. Be2 Nc6 7. O-O Nf6 8. Re1
Be7 9. b3 d6 10. Bb2 e5 11. Na2 Nxe4 12. d3 Nf6 13. Nd2 O-O 14. c3 b6 15. Bf3
Qc7 16. Nc1 Bb7 17. Ne2 Rab8 18. Ne4 Nd8 19. N2g3 Nd7 20. Nf5 Nf6 21. Nxe7+ Qxe7
22. Nxf6+ Qxf6 23. Bxb7 Rxb7 24. d4 Nc6 25. dxe5 dxe5 26. Qc2 Rd8 27. Red1 Rbd7
28. Rxd7 Rxd7 29. Rd1 Qe6 30. c4 Nd4 31. Bxd4 Rxd4 32. Re1 f5 33. f3 Kf7 34. h3
h5 35. g3 Kf6 36. Qe2 g5 37. f4 Kg6 38. Qxe5 Qxe5 39. fxe5 Re4 40. Rxe4 fxe4 41.
e6 Kf6 42. a5 bxa5 43. e7 Kxe7 44. Kf2 Ke6 45. Ke2 Kf5 46. Ke3 Ke5 47. g4 h4 48.
Kd2 Kf4 49. Ke2 Kg3 0-1

[Event "Let's Play Chess!"]
[Site "http://www.queenalice.com/game.php?id=1609929"]
[Date "2020.4.29"]
[Round "-"]
[White "igorjava"]
[Black "ztnilz"]
[Result "1-0"]
[WhiteElo "1985"]
[BlackElo "1924"]

1. e4 d6 2. d4 Nf6 3. Nc3 e6 4. Bc4 c6 5. Nf3 a6 6. a3 Be7 7. b4 b5 8. Bb3 Bb7
9. Qd3 Nbd7 10. Ne2 a5 11. Bd2 a4 12. Ba2 Nb6 13. Ng3 Bf8 14. O-O Be7 15. c4
bxc4 16. Bxc4 Nxc4 17. Qxc4 Ba6 18. Qxc6+ Nd7 19. b5 Bc8 20. Rfc1 Rb8 21. Rab1
Bb7 22. Qc4 Ra8 23. Bb4 O-O 24. d5 Nb6 25. Qc7 Bc8 26. Qxd8 Rxd8 27. Rc6 Nd7 28.
Bxd6 Bxd6 29. Rxd6 Bb7 30. Nd4 Nf6 31. Rxd8+ Rxd8 32. Nc6 Ra8 33. d6 Nd7 34. f4
f6 35. Re1 Kf7 36. e5 g6 37. Kf2 fxe5 38. Nxe5+ Nxe5 39. fxe5 Rb8 40. Rb1 Bd5
41. Rb4 Ke8 42. Ne2 Kd7 43. Nc3 Bb3 44. Ne4 h5 45. Nc5+ Ke8 46. Nxb3 axb3 47.
Rxb3 Rb7 48. a4 1-0

[Event "Let's Play Chess!"]
[Site "http://www.queenalice.com/game.php?id=1609930"]
[Date "2020.4.29"]
[Round "-"]
[White "josebaron"]
[Black "ztnilz"]
[Result "1-0"]
[WhiteElo "2331"]
[BlackElo "1981"]

1. e4 e5 2. Bc4 Nf6 3. Nc3 c6 4. Nf3 Bd6 5. O-O b5 6. d4 bxc4 7. dxe5 Bxe5 8.
Nxe5 d6 9. Nxc4 Ba6 10. Nxd6+ Kf8 11. Re1 Bc8 12. e5 Nd5 13. Nxd5 cxd5 14. Qxd5
1-0

[Event "Challenge"]
[Site "http://www.queenalice.com/game.php?id=1610983"]
[Date "2020.5.5"]
[Round "-"]
[White "cdare"]
[Black "ztnilz"]
[Result "0-1"]
[WhiteElo "1859"]
[BlackElo "1918"]

1. e4 c5 2. Nf3 d6 3. Bb5+ Bd7 4. Bxd7+ Qxd7 5. c3 e5 6. d3 Be7 7. Bg5 Nf6 8.
Nbd2 b5 9. b3 Nc6 10. O-O a6 11. a3 a5 12. c4 b4 13. a4 h6 14. Bxf6 Bxf6 15. h3
h5 16. Nh2 g5 17. f3 Nd4 18. Re1 Be7 19. Ndf1 f5 20. Ng3 f4 21. Ne2 Nxe2+ 22.
Qxe2 O-O-O 23. Nf1 Rdg8 24. Nh2 Rg7 25. Kh1 g4 26. fxg4 hxg4 27. Nxg4 Rxg4 28.
Qf3 Rg3 29. Qf2 Rgxh3+ 30. gxh3 Qxh3+ 31. Kg1 Qh1# 0-1

[Event "Let's Play Chess!"]
[Site "http://www.queenalice.com/game.php?id=1614107"]
[Date "2020.5.28"]
[Round "-"]
[White "ztnilz"]
[Black "Nomad"]
[Result "0-1"]
[WhiteElo "1944"]
[BlackElo "1891"]

1. e4 c5 2. Bc4 e6 3. Nc3 Nc6 4. Nf3 a6 5. a4 Nf6 6. d3 d5 7. exd5 exd5 8. Qe2+
Be7 9. Nxd5 Nxd5 10. Ng5 O-O 11. Nxh7 Kxh7 12. Qe4+ g6 13. Bxd5 Bd7 14. O-O Bf6
15. c3 Qe7 16. Qf3 Ne5 17. Qd1 Bc6 18. Bxc6 Nxc6 19. Be3 b6 20. Re1 Rae8 21. Qd2
Qd7 22. Qc2 Re6 23. Re2 Rfe8 24. Rae1 Qe7 25. b3 a5 26. g3 Qf8 0-1

[Event "Let's Play Chess!"]
[Site "http://www.queenalice.com/game.php?id=1614109"]
[Date "2020.5.28"]
[Round "-"]
[White "ztnilz"]
[Black "igorjava"]
[Result "0-1"]
[WhiteElo "1977"]
[BlackElo "1948"]

1. e4 c5 2. Nf3 d6 3. c3 Nf6 4. h3 Nxe4 5. Qa4+ Nc6 6. Qxe4 e5 7. Bb5 Qc7 8.
Bxc6+ bxc6 9. d3 Be7 10. c4 O-O 11. Qe2 f5 12. Bg5 f4 13. Bxe7 Qxe7 14. Nc3 a5
15. b3 Re8 16. Ne4 d5 17. Ned2 e4 18. dxe4 dxe4 19. Nh2 Qg5 20. f3 Qh4+ 21. Kd1
Qf6 22. Rb1 e3 23. Ne4 Rd8+ 24. Kc2 Bf5 25. Ng4 Qe6 26. Kb2 Bxe4 27. fxe4 Rd2+
0-1

[Event "Let's Play Chess!"]
[Site "http://www.queenalice.com/game.php?id=1614110"]
[Date "2020.5.28"]
[Round "-"]
[White "igorjava"]
[Black "ztnilz"]
[Result "1-0"]
[WhiteElo "1965"]
[BlackElo "1960"]

1. e4 e5 2. f4 exf4 3. Nf3 d6 4. Bc4 Be7 5. d3 Nf6 6. Bxf4 Bg4 7. O-O O-O 8. Nc3
Nc6 9. Qd2 a6 10. a3 Be6 11. Nd5 b5 12. Bb3 h6 13. h3 a5 14. c4 bxc4 15. Bxc4
Bc8 16. b4 axb4 17. axb4 Rxa1 18. Rxa1 Bd7 19. b5 Ne5 20. Nxe5 Nxd5 21. Nxd7
Qxd7 22. exd5 Bf6 23. Ra6 Rb8 24. d4 Qe7 25. Ra7 Qd8 26. Qe3 1-0

[Event "Let's Play Chess!"]
[Site "http://www.queenalice.com/game.php?id=1614111"]
[Date "2020.5.28"]
[Round "-"]
[White "amaisi"]
[Black "ztnilz"]
[Result "1-0"]
[WhiteElo "2183"]
[BlackElo "1944"]

1. d4 e6 2. c4 b6 3. Nc3 Bb7 4. a3 a5 5. e4 c6 6. Nf3 Ne7 7. Bg5 h6 8. Bh4 d6 9.
d5 g5 10. Bg3 e5 11. h4 f6 12. hxg5 fxg5 13. Nxg5 Ng6 14. Ne6 Qd7 15. Be2 c5 16.
Bh5 Rg8 17. Qg4 Qf7 18. Nb5 1-0

[Event "Let's Play Chess!"]
[Site "http://www.queenalice.com/game.php?id=1614112"]
[Date "2020.5.28"]
[Round "-"]
[White "Nomad"]
[Black "ztnilz"]
[Result "0-1"]
[WhiteElo "1876"]
[BlackElo "1903"]

1. d4 Nf6 2. c4 e6 3. Nc3 Bb4 4. e3 b6 5. Ne2 Bb7 6. a3 Be7 7. d5 exd5 8. cxd5
O-O 9. e4 d6 10. Ng3 Bc8 11. Be2 a5 12. O-O Ba6 13. Bxa6 Nxa6 14. Be3 Nd7 15.
Bd4 Bf6 16. Nh5 Bxd4 17. Qxd4 f6 18. f4 g6 19. Ng3 Nac5 20. Qd1 a4 21. Rf3 Nb3
22. Rb1 Ndc5 23. Nb5 Qd7 24. Nd4 Rae8 25. Nxb3 Nxb3 26. Qd3 Nc5 27. Qc2 Nb3 28.
Rd1 Ra8 29. h3 Ra5 30. Qc6 Qxc6 31. dxc6 Rc5 32. Rc3 Re8 33. Kf2 Kf7 34. Kf3
Rxc3+ 35. bxc3 Nc5 36. Rd5 Ke6 37. c4 Kf7 38. h4 Na6 0-1

[Event "Challenge"]
[Site "http://www.queenalice.com/game.php?id=1615973"]
[Date "2020.6.10"]
[Round "-"]
[White "ztnilz"]
[Black "cdare"]
[Result "1/2-1/2"]
[WhiteElo "1914"]
[BlackElo "1724"]

1. e4 d5 2. exd5 Nf6 3. c4 Bg4 4. f3 Bh5 5. d4 h6 6. g4 Bg6 7. Bd3 Bxd3 8. Qxd3
c6 9. Nc3 cxd5 10. c5 Nc6 11. Nge2 e6 12. Bd2 Be7 13. a3 O-O 14. h4 Nh7 15. g5
h5 16. f4 g6 17. Ng1 b6 18. b4 Kg7 19. Nf3 a6 20. Ke2 bxc5 21. bxc5 Qc7 22. Rhb1
Na5 23. Ne5 Nc6 24. Rb6 Nxe5 25. fxe5 a5 26. a4 Bd8 27. Rab1 Qc8 28. Rb7 Qc6 29.
Qb5 Qxb5+ 30. R7xb5 Bc7 31. Rb7 Rfc8 32. Nb5 Bb8 33. Re7 Kf8 34. Nd6 Kxe7 35.
Nxc8+ Kd8 36. Nd6 Bxd6 37. cxd6 Nf8 38. Rb5 Nd7 39. Rxa5 Rc8 40. Rb5 Nb8 41. Rb7
Ke8 42. Rc7 Rd8 43. a5 Kf8 44. Bb4 Kg7 45. Kd3 Na6 46. Bc5 Nxc7 47. dxc7 Rc8 48.
Bb6 Kf8 49. Kc3 Ke7 50. Kb4 Kd7 51. Kb5 Ra8 52. a6 Rc8 53. a7 Ra8 54. Kc5 Rc8
55. Kb5 Ra8 56. Kc5 1/2-1/2

[Event "Jogo #83"]
[Site "http://www.queenalice.com/game.php?id=1617692"]
[Date "2020.6.23"]
[Round "-"]
[White "ztnilz"]
[Black "Vinicius92"]
[Result "0-1"]
[WhiteElo "1923"]
[BlackElo "2107"]

1. d4 d5 2. c4 c6 3. Nc3 Nf6 4. cxd5 cxd5 5. Bf4 e6 6. Nf3 Be7 7. g3 Nc6 8. Bg2
O-O 9. O-O Bd6 10. Bxd6 Qxd6 11. Nb5 Qd8 12. a3 Qb6 13. a4 Bd7 14. b3 Rfc8 15.
e3 Nb4 16. Rc1 Bxb5 17. axb5 Qxb5 18. Nd2 a5 19. Rxc8+ Rxc8 20. Re1 Na2 21. Qe2
Qb4 22. Nf3 Qxb3 23. Nd2 Qb2 24. Rb1 Rc1+ 25. Rxc1 Nxc1 26. Qd1 Nd3 0-1

[Event "Jogo #84"]
[Site "http://www.queenalice.com/game.php?id=1617693"]
[Date "2020.6.23"]
[Round "-"]
[White "Vinicius92"]
[Black "ztnilz"]
[Result "1-0"]
[WhiteElo "2100"]
[BlackElo "1932"]

1. e4 e5 2. Nf3 Qe7 3. Bc4 g6 4. d4 d6 5. Ng5 Nh6 6. Nc3 c6 7. Qf3 Bg7 8. dxe5
dxe5 9. O-O O-O 10. Nh3 Be6 11. Bd3 f6 12. b3 Rd8 13. Be3 Bg4 14. Qg3 Be6 15. f4
exf4 16. Rxf4 f5 17. Rh4 Ng4 18. Bg5 Bf6 19. Bxf6 Qxf6 20. Be2 h5 21. Bxg4 fxg4
22. Rf1 Qd4+ 23. Nf2 Qg7 24. h3 Nd7 25. hxg4 hxg4 26. Nxg4 Rf8 27. Nh6+ 1-0

[Event "Challenge"]
[Site "http://www.queenalice.com/game.php?id=1626935"]
[Date "2020.9.14"]
[Round "-"]
[White "cdare"]
[Black "ztnilz"]
[Result "1/2-1/2"]
[WhiteElo "1733"]
[BlackElo "1906"]

1. e4 e5 2. d4 exd4 3. Nf3 c5 4. c3 Nc6 5. Bb5 Be7 6. Bxc6 dxc6 7. h3 d3 8. Bf4
Nf6 9. Nbd2 c4 10. O-O b5 11. Ne5 Bb7 12. b3 cxb3 13. Qxb3 O-O 14. Rad1 c5 15.
Qxb5 Nxe4 16. Qxb7 Nxc3 17. Rde1 Bf6 18. Qb3 Nd5 19. Bh2 Nb4 20. Ne4 Be7 21. Rd1
Qd4 22. Qc4 Qxc4 23. Nxc4 Nxa2 24. Rxd3 Nb4 25. Rdd1 a5 26. Bd6 Bxd6 27. Nexd6
a4 28. Nb6 Ra6 29. Nbc4 a3 30. Ra1 a2 31. Ne4 Nc2 32. Rac1 a1=Q 33. Rxc2 Qd4 34.
Ned6 Rxd6 35. Nxd6 Qxd6 36. Rcc1 f5 37. Rfd1 Qc6 38. f3 c4 39. Rc2 c3 40. Rdc1
Rc8 41. Rd1 1/2-1/2

[Event "Jogo 01"]
[Site "http://www.queenalice.com/game.php?id=1762196"]
[Date "2021.6.15"]
[Round "-"]
[White "ztnilz"]
[Black "Taurus"]
[Result "0-1"]
[WhiteElo "1897"]
[BlackElo "2260"]

1. e4 e5 2. c3 c5 3. d4 cxd4 4. cxd4 exd4 5. Nf3 Bc5 6. Nxd4 Qb6 7. Be3 Qxb2 8.
Nc2 Bxe3 9. fxe3 Nc6 10. a3 Na5 11. Nd2 Qc3 12. Rb1 Nf6 13. Kf2 d6 14. h3 O-O
15. Be2 Qe5 16. Bf3 b6 17. Re1 Bb7 18. Rb4 Rfd8 19. Nc4 Nxc4 20. Rxc4 Nxe4+ 0-1

[Event "Jogo 02"]
[Site "http://www.queenalice.com/game.php?id=1762198"]
[Date "2021.6.15"]
[Round "-"]
[White "Taurus"]
[Black "ztnilz"]
[Result "1-0"]
[WhiteElo "2249"]
[BlackElo "1899"]

1. d4 e6 2. e4 d5 3. e5 c5 4. c3 Qb6 5. f4 cxd4 6. cxd4 a6 7. Nf3 Nc6 8. a3 Qa5+
9. Bd2 Bb4 10. Nc3 Bxc3 11. Bxc3 Qc7 12. Rc1 Qb8 13. Bd3 Nge7 14. Qc2 g6 15. O-O
O-O 16. Qf2 Kh8 17. Qh4 Rg8 18. Qf6+ Rg7 19. Ng5 Kg8 20. Bb4 Nxb4 21. Qxe7 Bd7
22. Qxb4 1-0

[Event "Jogo 04"]
[Site "http://www.queenalice.com/game.php?id=1764812"]
[Date "2021.7.20"]
[Round "-"]
[White "Taurus"]
[Black "ztnilz"]
[Result "1-0"]
[WhiteElo "2259"]
[BlackElo "1895"]

1. d4 e6 2. c4 c5 3. d5 exd5 4. cxd5 d6 5. e4 Nf6 6. Nc3 a6 7. Be2 Be7 8. Bf4
Nbd7 9. Nf3 b5 10. Qc2 h6 11. O-O O-O 12. a3 Bb7 13. Rfe1 c4 14. b3 cxb3 15.
Qxb3 Re8 16. Rac1 Bf8 17. Nd2 Nc5 18. Qc2 g5 19. Be3 Rc8 20. Qb1 Rb8 21. f4 g4
22. Bf2 h5 23. Bh4 Be7 24. Bd1 Nxd5 25. Nxd5 Bxh4 26. Rf1 Bxd5 27. exd5 Re3 28.
Qf5 Nd3 29. Rc3 Bf2+ 30. Kh1 Nc5 31. Rxc5 dxc5 32. Rxf2 Qe7 33. Qxh5 Qd7 34.
Qg5+ Kf8 35. f5 Re1+ 36. Rf1 Rbe8 37. f6 Rxf1+ 38. Nxf1 Re1 39. Qg7+ 1-0